IGCSE : English as a second language (Teacher's book)

Bewaard in:
Bibliografische gegevens
Hoofdauteur: Peter Lucatoni
Formaat: Boek
Taal:Undetermined
Gepubliceerd in: Cambridge, UK Cambridge Univ. Press 2001
Onderwerpen:
Tags: Voeg label toe
Geen labels, Wees de eerste die dit record labelt!
Thư viện lưu trữ: Trung tâm Học liệu Trường Đại học Cần Thơ
LEADER 00620nam a2200205Ia 4500
001 CTU_57633
008 210402s9999 xx 000 0 und d
020 |b 272000 
082 |a 428.24 
082 |b L932 
100 |a Peter Lucatoni 
245 0 |a IGCSE : English as a second language (Teacher's book) 
245 0 |c Peter Lucatoni 
260 |a Cambridge, UK 
260 |b Cambridge Univ. Press 
260 |c 2001 
650 |a test of english as a foreign language,english language 
650 |x study guides,examinations,study guides 
904 |i Minh 
980 |a Trung tâm Học liệu Trường Đại học Cần Thơ